[Event "YUG-chT"]
[Site "Vrnjacka Banja"]
[Date "1996.??.??"]
[Round "?"]
[White "Ris, Bogdan"]
[Black "Djukanovic, Sreten"]
[Result "1-0"]
[WhiteElo "2130"]
[BlackElo "2270"]
[PlyCount "109"]
[EventDate "1996.??.??"]
[EventType "team"]
[EventRounds "11"]
[EventCountry "YUG"]
[SourceTitle "EXT 2000"]
[Source "ChessBase"]
[SourceDate "1999.11.16"]
[SourceVersion "1"]
[SourceVersionDate "1999.11.16"]
[SourceQuality "1"]

1. d4 Nf6 2. c4 g6 3. Nc3 Bg7 4. e4 d6 5. f3 0-0 6. Be3 Nbd7 7. Qd2 c5 8. d5 a6 9. Nge2 Ne5 10. Nc1 b5 11. cxb5 axb5 12. Bxb5 Ba6 13. Bxa6 Rxa6 14. Qe2 Qb6 15. 0-0 e6 16. dxe6 fxe6 17. Rb1 Nc6 18. Qc4 Re8 19. Rd1 Bf8 20. Bf2 Qb7 21. h3 Ne5 22. Qf1 Rb6 23. b3 Nfd7 24. Nd3 Bg7 25. Na4 Ra6 26. Nxe5 Nxe5 27. Be1 Qc6 28. Rbc1 Ra7 29. Bc3 g5 30. Ba1 Rf8 31. Qe2 h6 32. Qd2 Nf7 33. Bxg7 Kxg7 34. e5 Rd8 35. exd6 Rxd6 36. Qc3+ e5 37. Rxd6 Qxd6 38. Qxc5 Qd2 39. Qc2 Qe3+ 40. Kh1 Re7 41. Nb2 Rd7 42. Nc4 Qf4 43. Re1 h5 44. Re4 Qf5 45. Qe2 Rd4 46. a4 Qd7 47. Kh2 Kf6 48. Qe1 Rd1 49. Qf2 Kg7 50. h4 Rb1 51. Qc2 Ra1 52. hxg5 Qf5 53. Qb2 Rf1 54. Nxe5 Kf8 55. Nxf7 1-0

[Event "YUG-chT"]
[Site "Vrnjacka Banja"]
[Date "1996.??.??"]
[Round "?"]
[White "Ris, Bogdan"]
[Black "Jovanovic, Sasa M"]
[Result "1/2-1/2"]
[WhiteElo "2130"]
[BlackElo "2330"]
[PlyCount "62"]
[EventDate "1996.??.??"]
[EventType "team"]
[EventRounds "11"]
[EventCountry "YUG"]
[SourceTitle "EXT 2000"]
[Source "ChessBase"]
[SourceDate "1999.11.16"]
[SourceVersion "1"]
[SourceVersionDate "1999.11.16"]
[SourceQuality "1"]

1. d4 Nf6 2. c4 c5 3. dxc5 Na6 4. Nc3 Nxc5 5. Nf3 g6 6. Qc2 Bg7 7. g3 d5 8. cxd5 Nxd5 9. Nxd5 Qxd5 10. Be3 Ne4 11. Bg2 Bf5 12. Nd2 Nxd2 13. Qa4+ Qd7 14. Qxd7+ Bxd7 15. Bxd2 Rc8 16. Bxb7 Rb8 17. Be4 Rxb2 18. Rb1 Rxb1+ 19. Bxb1 0-0 20. 0-0 Rb8 21. Be3 a5 22. Bc5 Bh3 23. Rd1 Bf6 24. Bd3 Rb2 25. a3 h5 26. Rb1 Kf8 27. Rxb2 Bxb2 28. Bb5 Be6 29. e4 f6 30. f4 Kf7 31. Kf2 Bb3 1/2-1/2

[Event "YUG-chT"]
[Site "Vrnjacka Banja"]
[Date "1996.??.??"]
[Round "?"]
[White "Ris, Bogdan"]
[Black "Rajevic, Gavrilo"]
[Result "0-1"]
[WhiteElo "2130"]
[BlackElo "2275"]
[PlyCount "84"]
[EventDate "1996.??.??"]
[EventType "team"]
[EventRounds "11"]
[EventCountry "YUG"]
[SourceTitle "EXT 2000"]
[Source "ChessBase"]
[SourceDate "1999.11.16"]
[SourceVersion "1"]
[SourceVersionDate "1999.11.16"]
[SourceQuality "1"]

1. d4 Nf6 2. c4 g6 3. Nc3 Bg7 4. e4 d6 5. f3 0-0 6. Be3 Nc6 7. Qd2 a6 8. Bd3 e5 9. d5 Nd4 10. Nge2 Nd7 11. 0-0 c5 12. dxc6 bxc6 13. Rab1 Nc5 14. Bc2 Nce6 15. b4 f5 16. a4 Bb7 17. Nc1 Nxc2 18. Qxc2 fxe4 19. fxe4 Rxf1+ 20. Kxf1 Qh4 21. g3 Rf8+ 22. Kg1 Qf6 23. Qg2 Nd4 24. Nd3 Qe6 25. Qa2 Rf3 26. Re1 Bc8 27. Nf2 Qf7 28. c5 Qxa2 29. Nxa2 Nc2 30. Rd1 Nxe3 31. Rxd6 Rf6 32. Rd8+ Rf8 33. Rd6 Bb7 34. Rd7 Rf7 35. Rd8+ Bf8 36. Nc1 Kg7 37. Nb3 Rc7 38. Na5 Bc8 39. Nd3 Nc2 40. Nxc6 Rxc6 41. b5 axb5 42. axb5 Bxc5+ 0-1

[Event "Belgrade Trako"]
[Site "Belgrade"]
[Date "1993.??.??"]
[Round "1"]
[White "Ris, Bogdan"]
[Black "Szuhanek, Ranko"]
[Result "0-1"]
[WhiteElo "2250"]
[BlackElo "2235"]
[PlyCount "46"]
[EventDate "1993.??.??"]
[EventType "tourn"]
[EventRounds "13"]
[EventCountry "YUG"]
[EventCategory "4"]
[SourceTitle "EXT 1997"]
[Source "ChessBase"]
[SourceDate "1996.11.15"]
[SourceVersion "1"]
[SourceVersionDate "1996.11.15"]
[SourceQuality "1"]

1. d4 Nf6 2. c4 g6 3. Nc3 Bg7 4. e4 d6 5. f3 0-0 6. Be3 Nc6 7. Qd2 a6 8. 0-0-0 b5 9. cxb5 axb5 10. Bxb5 Na5 11. Bh6 c6 12. Bxg7 Kxg7 13. Bd3 Be6 14. Qc2 Qb6 15. Nge2 Bxa2 16. Kd2 Bb3 17. Qb1 Bxd1 18. Rxd1 Nb3+ 19. Ke3 Ra1 20. Qc2 Rxd1 21. Qxd1 Nxd4 22. Nxd4 e5 23. Bc4 d5 0-1